Представление документа в формате RUSMARC

ПолеНазваниеЗначение
  Тип записи j
  Библиографический уровень m
001 Контрольный номер SKBR/1983a55c-44c8-44e5-8136-bd39bdc3b196
005 Дата корректировки 20241022093932.9
010 Индекс ISBN __
b Уточнения в кор.
d Цена 369-00
035 Другие системные номера __
a Идентификатор записи RU\NLR\BIBL_A\011779947
100 Данные общей обработки __
a Данные общей обработки 20180830d2018####m y0rusa0289 ca
101 Язык документа 0_
a Язык текста rus
102 Страна публикации __
a Страна публикации RU
106 Кодированные данные (форма документа) __
a Кодированные данные для формы документа (Обозначение носителя) s
125 Кодированные данные звукозаписи и нотных изданий __
b Определитель литературного текста с
126 Кодированные данные (звукозаписи-физические характеристики) __
a Кодированные данные звукозаписи (общие) аgbхhхх сd
127 Кодированные данные (звукозаписи-физические характеристики) __
a Продолжительность проигрывания 1642##
135 Кодированные данные (электронные ресурсы) __
a Кодированные данные (электронные ресурсы) hongannnauuuu
139 Кодированные данные (электронные ресурсы) __
a Кодированные данные (электронные ресурсы) caz
181 Поле кодированных данных: вид содержания _0
a Код вида содержания (ISBD) h
182 Поле кодированных данных: тип средства _0
a Код типа средства (ISBD) a
200 Заглавие и сведения об ответственности 1_
a Заглавие Проклятый горн
e Сведения, относящиеся к заглавию [аудиокнига]
f Первые сведения об ответственности Алексей Пехов ; читает: Иван Литвинов ; звукорежиссеры: Алеся Батанцева, Софья Дорина
203 Вид содержания и тип средства __
a Вид содержания Устная речь
c Тип средства аудио
210 Выходные данные 1_
a Место издания Москва
c Издательство АРДИС
d Дата издания 2018
215 Физическое описание __
d Формат 12 см
a Объем 1 электрон. опт. диск (CD-ROM) (16 ч. 42 мин.)
c Иллюстрации/тип воспроизводства зв.
225 Серия 1_
a Серия Фантастика и приключения
300 Общие примечания __
a Общие примечания Заглавие с этикетки диска
300 Общие примечания __
a Общие примечания Данные в формате MP3
330 Аннотация __
a Аннотация Горячий ветер стремительно рвется с юга, прогоняя суровую зиму и принося на крыльях черную смерть. Загадочный темный кузнец разжег в своем горне пламя судного дня, зловещие тени собираются в школе стражей, и не за горами время могил. Людвиг, Гертруда, Проповедник и Пугало оказались на перекрестке эпох, и путь, который они вынуждены выбрать, ведет их к гибели.
333 Примечание о целевом назначении __
a Примечание о целевом назначении 16+. Для детей старше 16 лет
337 Примечание о системных требованиях (электронные ресурсы) __
a Примечание о системных требованиях (электронные ресурсы) Системные требования: Pentium 4 ; CD-ROM drive ; Windows' 2000 ; звуковая карта
606 Тематические рубрики __
a Основная рубрика Художественная литература
606 Тематические рубрики __
a Основная рубрика Современная русская литература (произведения)
610 Ключевые слова 0_
a Ключевые слова романы
610 Ключевые слова 0_
a Ключевые слова тема приключений
610 Ключевые слова 0_
a Ключевые слова фантастическая проза
610 Ключевые слова 0_
a Ключевые слова фэнтези
610 Ключевые слова 0_
a Ключевые слова фэнтези
610 Ключевые слова 0_
a Ключевые слова современная проза
610 Ключевые слова 0_
a Ключевые слова фантастические приключения
686 Индексы других классификаций __
a Классификационный индекс 84(2=411.2)6-445я04; ст84(2=411.2)6-445я0
2 Код системы rubbks
700 Автор _1
a Фамилия Пехов
b Имя А. Ю.
f Даты 1978-
g Полное личное имя Алексей Юрьевич
4 Код отношения 070
702 Вторичная интеллектуальная ответственность _1
a Фамилия Литвинов
b Имя И. Н.
f Даты 1978-
g Полное личное имя Иван Николаевич
4 Код отношения 590
702 Вторичная интеллектуальная ответственность _1
a Фамилия Батанцева
b Имя А.
g Полное личное имя Алеся
4 Код отношения 570
702 Вторичная интеллектуальная ответственность _1
a Фамилия Дорина
b Имя С.
g Полное личное имя Софья
4 Код отношения 570
801 Источник записи _0
a Страна RU
b Организация NLR
c Дата составления 20180830
g Правила каталогизации PSBO
801 Источник записи _1
a Страна RU
b Организация NLR
c Дата составления 20180830
g Правила каталогизации PSBO
801 Источник записи _2
a Страна RU
b Организация NLR
c Дата составления 20180901
2 Код формата rusmarc
g Правила каталогизации PSBO
852 Данные о местонахождении __
i Авторский знак П 31
j Шифр хранения 84(2=411.2)6-445я04
900 Макрообъекты __
a Макрообъекты Проклятый горн, 2018
901 Тип документа __
a Ответственный ООФиК/Волкова
t Тип документа 0
903 Характеристики (МАРС) __
a Дата передачи 20210208
c Наименование библиотеки (МАРС) Муниципальное бюджетное учреждение культуры "Централизованная библиотечная система" г. Сургут (Центральная городская библиотека им. А. С. Пушкина)
969 Тип издания __
a Тип издания издание для слепых
a Тип издания аудиокнига
990 Данные о заказе (DOS) __
j Количество экземпляров (DOS) 3
t N записи в КСУ для И/У (DOS) 202102